Personnages de Tokyo Revengers - Statistiques

Statistiques générales
  • Ce quiz a été pris 261 fois
  • Le résultat moyen est 26 sur 40
Statistiques - réponses
Hint Réponse % Correct
Vice-Président du Tokyo Manji GangMembre de Brahman Ryuguji Ken
99%
Président du Tokyo Manji GangPrésident du Kanto Manji Gang Président de Bonten Sano Manjiro
99%
Personnage PrincipalePrésident de la 2ème Génération du Tokyo Manji Gang Capitaine de la 1ere Division du Tokyo Manji Gang Président de la 11ème Génération des Dragons Noirs Hanagaki Takemichi
97%
Capitaine de la 1ere Division du Tokyo Manji GangMembre de Valhalla Baji Keisuke
92%
Vice-President 2ème Génération du Tokyo Manji GangVice-Capitaine de la 1ere Division du Tokyo Manji Gang Matsuno Chifuyu
87%
Président de ValhallaOfficier Général de Tenjiku Capitaine de la 3ème Division du Tokyo Manji Gang 9ème Président de Moebius Kisaki Tetta
85%
Capitaine de la 2ème Division du Tokyo Manji Gang Mitsuya Takashi
85%
Capitaine de la 4ème Division du Tokyo Manji GangCo-Président du Gang des Diables Jumeaux Kawata Nahoya
84%
Vice-Capitaine de la 4ème Division du Tokyo Manji GangCo-Président du Gang des Diables Jumeaux Kawata Souya
84%
Numéro 2 de ValhallaMembre de Tenjiku Membre de l'Unité de Commando Du Kanto Manji Gang Capitaine de la 6ème Division du Tokyo Manji Gang Président Intérimaire de Moebius Hanma Shuji
79%
Président de TenjikuPrésident de la 8ème Génération des Dragons Noirs Membre de la Générations S62 Kurokawa Izana
78%
Numéro 3 de ValhallaVice-Capitaine de la 1ere Division du Tokyo Manji Gang Capitaine de la 4ème Division de Tokyo Manji Gang Hanemiya Kazutora
77%
Capitaine de la 3ème Division du Tokyo Manji Gang Hayashida Haruki
76%
Vice-Capitaine de la 2ème Division du Tokyo Manji GangPrésident de la 11ème Génération des Dragons Noirs Shiba Hakkai
76%
Femme du personnage principale Tachibana Hinata
75%
Vice-Capitaine de la 3ème Division du Tokyo Manji GangCapitaine intérimaire de la 3ème Division Hayashi Ryohei
73%
Président de la 10ème Génération des Dragons NoirsCapitaine de la 6ème Division de 2ème Génération Tokyo Manji Gang Shiba Taiju
72%
10ème Génération des Dragons NoirsCapitaine de la Garde d'élite Directeur de Bonten Officier du Kanto Manji Gang Membre de la 1ere Division du Tokyo Manji Gang Membre de Tenjiku Kokonoi Hajime
71%
4 Rois Célestes de TenjikuPrésident de Rokuhara Tandai Capitaine de l'Unité de Défense du Kanto Manji Gang Numéro 3 de Bonten Kakucho
70%
Femme du Vice-Président du Tokyo Manji Gang Sano Emma
70%
Président de BrahmanCapitaine de la 5ème Division de 2ème Génération Tokyo Manji Gang Akashi Senju
66%
10ème Génération des Dragons NoirsCapitaine de la Division d'attaque Membre de la 1ere Division du Tokyo Manji Gang Inui Seishu
66%
Detective de Police Tachibana Naoto
66%
Vice-Capitaine de la 5ème Division du Tokyo Manji GangVice-Président du Kanto Manji Gang Numéro 2 de Bonten Membre de Tenjiku Akashi Haruchiyo
64%
Président de la 1ere Génération des Dragons Noirs Sano Shinichiro
60%
4 Rois Célestes de TenjikuNuméro 2 de Rokuhara Tandai Capitaine de l'Unité d'Attaque Spéciale du Kanto Manji Gang Directeur de Bonten Membre de la 8ème Division du Tokyo Manji Gang Haitani Ran
58%
Membre de la Génération S62Capitaine de la 5ème Division du Tokyo Manji Gang Directeur de Tenjiku Muto Yasuhiro
58%
Directeur de TenjikuNuméro 3 de Rokuhara Tandai Vice-Capitaine Unité d'Attaque Spéciale du Kanto Manji Gang Directeur de Bonten Membre de la 8ème Division du Tokyo Manji Gang Haitani Rindo
57%
Soeur du 10ème Président des Dragons NoirsSoeur du Vice-Capitaine de 2ème Division Tokyo Manji Gang Shiba Yuzuha
54%
Haut Dirigent de Brahman1ere Génération des Dragons Noirs Capitaine de l'Unité d'Attaque Spéciale Capitaine de l'Unité de Commando du Kanto Manji Gang Président du Kodo Rengo Imaushi Wakasa
51%
Membre de la 1ere Division du Tokyo Manji GangVice-Capitaine de la 4ème Division du Tokyo Manji Gang Ami du personnage principale Sendo Atsushi
50%
Membre de Rokuhara TandaiPrésident de Dino South Terano South
48%
Président de la 9ème Génération des Dragons NoirsMembre de la Génération S62 4 Rois Célestes de Tenjiku Officier du Kanto Manji Gang 5ème Siège du Rokuhara Tandai Madarame Shion
44%
Vice-Président de la 1ere Génération des Dragons NoirsVice-Président de Brahman Membre de Bonten Akashi Takeomi
42%
Haut Dirigent de Brahman1ere Génération des Dragons Noirs Capitaine de l'Unité de Défense Vice-Capitaine Unité Commando du Kanto Manji Gang Président de la 3ème Génération de Ragnarok Arashi Keizo
42%
Président du Gang de KiyomasaMembre de la 3ème Division du Tokyo Manji Gang Kiyomizu Masataku
35%
Membre de la Génération S624 Rois Céleste de Tenjiku Commandant du Kanto Manji Gang Directeur de Bonten 4ème Siège du Rokuhara Tandai Mochizuki Kanji
34%
Membre de la 1ere Division du Tokyo Manji GangAmi du personnage principale Suzuki Makoto
34%
Membre de la 1ere Division du Tokyo Manji GangAmi du personnage principale Yamamoto Takuya
34%
Membre de la 1ere Division du Tokyo Manji GangCapitaine de la Division d'Attaque du Tokyo Manji Gang Ami du personnage principale Yamagishi Kazushi
26%
Aucun quiz correspondant
Distribution des résultats
% des personnes avec chaque résultat
Percentile par nombre de réponses
Votre historique - résultats
Vous n’avez pas pris ce quiz